Power electronics (Record no. 1404)

000 -LEADER
fixed length control field 00542nam a2200205 4500
001 - CONTROL NUMBER
control field 1404
003 - CONTROL NUMBER IDENTIFIER
control field BD-DhUET
008 - FIXED-LENGTH DATA ELEMENTS--GENERAL INFORMATION
fixed length control field 140906b xxu||||| |||| 00| 0 eng d
020 ## - INTERNATIONAL STANDARD BOOK NUMBER
International Standard Book Number 8120325036
040 ## - CATALOGING SOURCE
Transcribing agency 0
Modifying agency BD-DhUET
082 ## - DEWEY DECIMAL CLASSIFICATION NUMBER
Classification number 623.17
Item number RAS/2004
100 ## - MAIN ENTRY--PERSONAL NAME
Personal name Rashid, Muhammad H.
245 ## - TITLE STATEMENT
Title Power electronics
Remainder of title circuits, devices, and applications
250 ## - EDITION STATEMENT
Edition statement 3rd ed.
260 ## - PUBLICATION, DISTRIBUTION, ETC. (IMPRINT)
Place of publication, distribution, etc. New Delhi
Name of publisher, distributor, etc. Prentice-Hall of India
Date of publication, distribution, etc. 2004
300 ## - PHYSICAL DESCRIPTION
Extent xxiv,880p.
504 ## - BIBLIOGRAPHY, ETC. NOTE
Bibliography, etc Includes bibliographies
650 #0 - SUBJECT ADDED ENTRY--TOPICAL TERM
Topical term or geographic name as entry element Power electronics
942 ## - ADDED ENTRY ELEMENTS (KOHA)
Koha item type General Book
Holdings
Withdrawn status Koha item type Koha normalized classification for sorting Koha full call number Koha issues (times borrowed) Lost status Shelving location Date acquired Koha date last borrowed Source of classification or shelving scheme Sublocation or collection (holding branch) Piece designation (barcode) Copy number Price effective from Koha date last seen Not for loan Location (home branch) Damaged status
 General Book623_000000000000000_17RAS2004623.17/RAS/20044 Circulation section2014-09-062021-12-19 Central Library, BUET10365212014-09-062022-04-12 Central Library, BUET 
 General Book623_000000000000000_17RAS2004623.17/RAS/20041 Circulation section2014-09-062022-11-29 Central Library, BUET10365322014-09-062022-11-29 Central Library, BUET 
 General Book623_000000000000000_17RAS2004623.17/RAS/20042 Circulation section2014-09-062018-10-28 Central Library, BUET10365432014-09-062018-11-27 Central Library, BUET 
 General Book623_000000000000000_17RAS2004623.17/RAS/2004  Circulation section2014-09-06  Central Library, BUET10365542014-09-062014-09-06 Central Library, BUET 
 General Book623_000000000000000_17RAS2004623.17/RAS/20041 Circulation section2014-09-062014-12-07 Central Library, BUET10365652014-09-062016-03-07 Central Library, BUET 
 General Book623_000000000000000_17RAS2004623.17/RAS/20044 Circulation section2014-09-062023-09-23 Central Library, BUET10365762014-09-062025-01-26 Central Library, BUET 
 General Book623_000000000000000_17RAS2004623.17/RAS/20043 Circulation section2014-09-062024-12-08 Central Library, BUET10365872014-09-062025-02-09 Central Library, BUET 
 General Book623_000000000000000_17RAS2004623.17/RAS/20043 Circulation section2014-09-062023-09-24 Central Library, BUET10365982014-09-062023-10-04 Central Library, BUET 
 General Book623_170000000000000_RAS_2004623.17/RAS/2004  Circulation section2014-09-06  Central Library, BUET10366092014-09-062014-09-06 Central Library, BUET 
 General Book623_000000000000000_17RAS2004623.17/RAS/2004  Circulation section2014-09-06  Central Library, BUET103661102014-09-062014-09-06 Central Library, BUET